[Event "Oldenburg Union 75 Ann Blitz"]
[Site "Oldenburg"]
[Date "2024.12.14"]
[Round "4"]
[White "Adrovic, Asmir"]
[Black "Dopychai, Reent"]
[Result "0-1"]
[WhiteElo "1930"]
[BlackElo "1956"]
[PlyCount "126"]
[EventDate "2024.12.14"]
[EventType "swiss (blitz)"]
[EventRounds "13"]
[EventCountry "GER"]
[SourceTitle "CB52_2024"]
[SourceDate "2024.12.25"]
[SourceVersion "1"]
[SourceVersionDate "2024.12.25"]
[SourceQuality "1"]

1. e4 d6 2. Nf3 Nc6 3. Nc3 Bg4 4. Be2 Nf6 5. d3 e5 6. h3 Bh5 7. 0-0 Be7 8. Bg5 h6 9. Be3 0-0 10. a3 a6 11. Qd2 Kh7 12. Rad1 Qd7 13. Rfe1 Rg8 14. Nh2 Bxe2 15. Nxe2 g5 16. Ng3 Nd4 17. c3 Ne6 18. Nf5 Nf4 19. Bxf4 gxf4 20. Kh1 Rg6 21. Rg1 Rag8 22. Qe2 Rg5 23. d4 Qe6 24. dxe5 dxe5 25. Nf3 Rxf5 26. exf5 Qxf5 27. Qxe5 Qxe5 28. Nxe5 Ne4 29. Rgf1 Bc5 30. Nd3 Bb6 31. Rde1 Nd2 32. Rg1 Rd8 33. Nxf4 Bxf2 34. Ref1 Bxg1 35. Rxg1 Nc4 36. b3 Nxa3 37. Rf1 Rd7 38. c4 Nc2 39. Nd5 Kg7 40. Rf4 c6 41. Rg4+ Kf8 42. Nf6 Rd1+ 43. Kh2 Ne3 44. Re4 Nf1+ 45. Kg1 Ng3+ 46. Kf2 Nxe4+ 47. Nxe4 Rd3 48. Nc5 Rc3 49. Ke2 Rc2+ 50. Kf3 b6 51. Nd7+ Ke7 52. Nxb6 Rc3+ 53. Ke4 Rxb3 54. c5 Rb2 55. g4 Rb3 56. h4 Rb4+ 57. Ke5 Rxg4 58. Nc8+ Kd7 59. Nd6 Rxh4 60. Nxf7 Rh5+ 61. Kd4 Rd5+ 62. Kc4 h5 63. Nd6 Rxd6 0-1

[Event "Oldenburg Union 75 Ann Blitz"]
[Site "Oldenburg"]
[Date "2024.12.14"]
[Round "13"]
[White "Dopychai, Reent"]
[Black "Giorgadze, Giorgi"]
[Result "1/2-1/2"]
[WhiteElo "1956"]
[BlackElo "2569"]
[PlyCount "104"]
[EventDate "2024.12.14"]
[EventType "swiss (blitz)"]
[EventRounds "13"]
[EventCountry "GER"]
[SourceTitle "CB52_2024"]
[SourceDate "2024.12.25"]
[SourceVersion "1"]
[SourceVersionDate "2024.12.25"]
[SourceQuality "1"]

1. d3 d5 2. e4 dxe4 3. dxe4 Qxd1+ 4. Kxd1 e5 5. Bc4 Bc5 6. Ke2 Nf6 7. f3 0-0 8. Be3 Bxe3 9. Kxe3 Nc6 10. c3 a6 11. Nd2 b5 12. Bb3 Bb7 13. Ne2 Rfd8 14. Rhd1 Na5 15. Nf1 Kf8 16. Neg3 g6 17. Ke2 Ke7 18. Ne3 Nxb3 19. axb3 Rxd1 20. Rxd1 Rd8 21. Rxd8 Kxd8 22. Kd3 Ne8 23. Nd5 Bxd5 24. exd5 Ke7 25. Ne4 f5 26. Nc5 Kd6 27. Nxa6 Kxd5 28. Nb4+ Kd6 29. Nc2 Nf6 30. c4 c6 31. Kc3 Nh5 32. Na3 bxc4 33. bxc4 Nf4 34. g3 Ne2+ 35. Kd3 Nd4 36. f4 Nf3 37. fxe5+ Kxe5 38. h4 f4 39. gxf4+ Kxf4 40. b4 Nxh4 41. b5 cxb5 42. cxb5 Ke5 43. Ke3 Nf5+ 44. Kf3 h5 45. Nc4+ Kd4 46. Nd2 Kc5 47. Kf4 Kxb5 48. Kg5 Ne7 49. Nf3 Kc6 50. Nh4 Kd5 51. Nxg6 Nxg6 52. Kxh5 Ke5 1/2-1/2

[Event "Oldenburg Union 75 Ann Blitz"]
[Site "Oldenburg"]
[Date "2024.12.14"]
[Round "9"]
[White "Pallapies, Kilian"]
[Black "Dopychai, Reent"]
[Result "0-1"]
[WhiteElo "1884"]
[BlackElo "1956"]
[PlyCount "106"]
[EventDate "2024.12.14"]
[EventType "swiss (blitz)"]
[EventRounds "13"]
[EventCountry "GER"]
[SourceTitle "CB52_2024"]
[SourceDate "2024.12.25"]
[SourceVersion "1"]
[SourceVersionDate "2024.12.25"]
[SourceQuality "1"]

1. Nc3 g6 2. g3 Bg7 3. Bg2 c6 4. d3 d5 5. Bd2 e5 6. e4 d4 7. Nce2 Ne7 8. f4 f5 9. fxe5 Bxe5 10. Nh3 fxe4 11. dxe4 Qb6 12. Qc1 Bg4 13. Nhf4 Na6 14. Nd3 Bg7 15. Nef4 0-0 16. h3 Bd7 17. 0-0 Rae8 18. Ne2 Rxf1+ 19. Bxf1 c5 20. b3 Qd6 21. Bf4 Qe6 22. Bh6 Qxe4 23. Bxg7 Kxg7 24. Nef4 Nf5 25. Kh2 Qe3 26. Qxe3 Nxe3 27. Rc1 b6 28. Bg2 Nxg2 29. Kxg2 Bc6+ 30. Kf2 Re3 31. Ne1 Nb4 32. a3 Na2 33. Rd1 Nc3 34. Rd3 Re5 35. Nf3 Ne4+ 36. Kg2 Ng5 37. Kf2 Nxf3 38. Rxf3 Bxf3 39. Kxf3 Kf6 40. Kf2 g5 41. Nd3 Re3 42. Ne1 Rxe1 43. Kxe1 Ke5 44. Ke2 Ke4 45. a4 a5 46. Kf2 d3 47. cxd3+ Kxd3 48. Kf3 Kc3 49. Kg4 Kxb3 50. Kxg5 c4 51. Kh6 c3 52. Kxh7 c2 53. g4 c1Q 0-1

[Event "Oldenburg Union 75 Ann Blitz"]
[Site "Oldenburg"]
[Date "2024.12.14"]
[Round "6"]
[White "Schuette, Marc"]
[Black "Dopychai, Reent"]
[Result "1-0"]
[WhiteElo "2126"]
[BlackElo "1956"]
[PlyCount "174"]
[EventDate "2024.12.14"]
[EventType "swiss (blitz)"]
[EventRounds "13"]
[EventCountry "GER"]
[SourceTitle "CB52_2024"]
[SourceDate "2024.12.25"]
[SourceVersion "1"]
[SourceVersionDate "2024.12.25"]
[SourceQuality "1"]

1. e4 d6 2. d4 e5 3. c3 Nf6 4. Bd3 Be7 5. Nf3 Nc6 6. h3 0-0 7. 0-0 h6 8. Re1 Nh7 9. Nbd2 Ng5 10. dxe5 dxe5 11. Nc4 Nxf3+ 12. Qxf3 Bg5 13. Bxg5 Qxg5 14. Ne3 Be6 15. Nd5 Rac8 16. Qe3 Qxe3 17. Rxe3 Rfd8 18. Bc4 Na5 19. Ne7+ Kf8 20. Bxe6 Kxe7 21. Bxc8 Rxc8 22. Rd3 Rd8 23. Rxd8 Kxd8 24. b3 Nc6 25. f3 Ke7 26. Kf2 Nd8 27. Ke3 Ne6 28. g3 Ng5 29. h4 Ne6 30. f4 exf4+ 31. gxf4 g6 32. h5 g5 33. fxg5 Nxg5 34. Kf4 Ne6+ 35. Kf5 Ng7+ 36. Ke5 Nxh5 37. Rh1 f6+ 38. Kd4 Nf4 39. Rxh6 Ne6+ 40. Ke3 Ng5 41. Rh8 a5 42. Rc8 Kd7 43. Rf8 Ke7 44. Rb8 b6 45. Kd4 Kd6 46. Rd8+ Kc6 47. Rg8 Kd6 48. Rg6 Ke6 49. Rh6 Nf3+ 50. Ke3 Ng5 51. Rh8 Nf7 52. Rh7 c6 53. Kf4 Ne5 54. a4 Nd3+ 55. Ke3 Nc5 56. Rc7 Kd6 57. Rf7 Ke6 58. Rh7 Nxb3 59. Rb7 Nc5 60. Rxb6 Kd6 61. Kd4 Nxa4 62. Rb8 Nc5 63. Rd8+ Kc7 64. Ra8 Nb7 65. Rf8 a4 66. Rxf6 a3 67. Rf2 Nd6 68. e5 Nb5+ 69. Kc4 Kd7 70. Kb3 Ke6 71. Re2 Nc7 72. Kxa3 Nd5 73. Kb3 Nf4 74. Re4 Nd3 75. Kc4 Nf2 76. Re2 Ng4 77. Kc5 Nh6 78. Kxc6 Nf5 79. Kb7 Ne7 80. c4 Nf5 81. c5 Nd4 82. Re4 Nb3 83. Kb6 Kd5 84. Re1 Ke6 85. c6 Nd2 86. c7 Nc4+ 87. Kc6 Na5+ 1-0